| 000 | 00595nam a22001457a 4500 | ||
|---|---|---|---|
| 999 |
_c512218 _d512218 |
||
| 020 | _a9780190121365 | ||
| 082 | _aA99 N315\80 | ||
| 245 |
_aSelected works of Jawaharlal Nehru, vol.80 (1 December 1962 - 31 January 1963) _cedited by Madhavan K. Palat |
||
| 260 |
_aNew Delhi _bJawaharlal Nehru Memorial Fund _c2019 |
||
| 300 | _axxviii, 866p. | ||
| 650 |
_aIndia -- Sources -- Foreign relations -- 1947 _913363 |
||
| 650 |
_aIndia -- Sources -- Politics and government -- 1947- _913364 |
||
| 650 |
_aIndia -- Sources -- History -- 1947- _913365 |
||
| 650 |
_aNehru, Jawaharlal, -- 1889-1964 _913366 |
||